The man in the iron mask / (Record no. 48439)
| 000 -LEADER | |
|---|---|
| fixed length control field | 01604nam a2200373 4500 |
| 020 ## - INTERNATIONAL STANDARD BOOK NUMBER | |
| International Standard Book Number | 9781402745799 |
| 035 ## - SYSTEM CONTROL NUMBER | |
| System control number | (OCoLC)ocn122309022 |
| 035 ## - SYSTEM CONTROL NUMBER | |
| System control number | (OCoLC)122309022 |
| 040 ## - CATALOGING SOURCE | |
| Original cataloging agency | DLC |
| Transcribing agency | DLC |
| Modifying agency | IG# |
| -- | BTCTA |
| -- | BAKER |
| -- | RLS |
| -- | DLC |
| 042 ## - AUTHENTICATION CODE | |
| Authentication code | lcac |
| -- | lcac |
| 043 ## - GEOGRAPHIC AREA CODE | |
| Geographic area code | e-fr--- |
| 050 00 - LIBRARY OF CONGRESS CALL NUMBER | |
| Classification number | PZ7.H63337 |
| Item number | Man 2008 |
| 082 00 - DEWEY DECIMAL CLASSIFICATION NUMBER | |
| Classification number | [Fic] |
| Edition number | 22 |
| 100 1# - MAIN ENTRY--PERSONAL NAME | |
| Personal name | Dumas, Alexandre, |
| Relator term | author. |
| 9 (RLIN) | 84842 |
| 245 14 - TITLE STATEMENT | |
| Title | The man in the iron mask / |
| Statement of responsibility, etc | retold from the Alexandre Dumas original by Oliver Ho ; illustrated by Troy Howell. |
| 260 ## - PUBLICATION, DISTRIBUTION, ETC. (IMPRINT) | |
| Place of publication, distribution, etc | New York : |
| Name of publisher, distributor, etc | Sterling Pub., |
| Date of publication, distribution, etc | 2008. |
| 300 ## - PHYSICAL DESCRIPTION | |
| Extent | 151 p. : |
| Other physical details | ill. ; |
| Dimensions | 20 cm. |
| 490 ## - SERIES STATEMENT | |
| Series statement | Classic starts |
| 520 ## - SUMMARY, ETC. | |
| Summary, etc | An abridged version of the tale of the four Musketeers' final adventure during which they plot to replace King Louis XIV of France with the mysterious, masked prisoner in the Bastille believed to be Louis' falsely imprisoned twin brother and the true king. |
| 600 00 - SUBJECT ADDED ENTRY--PERSONAL NAME | |
| Personal name | Man in the Iron Mask |
| Form subdivision | Juvenile fiction. |
| 9 (RLIN) | 86066 |
| 600 01 - SUBJECT ADDED ENTRY--PERSONAL NAME | |
| Personal name | Man in the Iron Mask |
| Form subdivision | Fiction. |
| 9 (RLIN) | 86067 |
| 650 #0 - SUBJECT ADDED ENTRY--TOPICAL TERM | |
| Topical term or geographic name as entry element | Prisoners |
| Form subdivision | Juvenile fiction. |
| 9 (RLIN) | 86068 |
| 650 #0 - SUBJECT ADDED ENTRY--TOPICAL TERM | |
| Topical term or geographic name as entry element | Brothers |
| Form subdivision | Juvenile fiction. |
| 650 #0 - SUBJECT ADDED ENTRY--TOPICAL TERM | |
| Topical term or geographic name as entry element | Twins |
| Form subdivision | Juvenile fiction. |
| 650 #0 - SUBJECT ADDED ENTRY--TOPICAL TERM | |
| Topical term or geographic name as entry element | Adventure stories. |
| 650 #1 - SUBJECT ADDED ENTRY--TOPICAL TERM | |
| Topical term or geographic name as entry element | Prisoners |
| Form subdivision | Fiction. |
| 9 (RLIN) | 71825 |
| 650 #1 - SUBJECT ADDED ENTRY--TOPICAL TERM | |
| Topical term or geographic name as entry element | Brothers |
| Form subdivision | Fiction. |
| 650 #1 - SUBJECT ADDED ENTRY--TOPICAL TERM | |
| Topical term or geographic name as entry element | Twins |
| Form subdivision | Fiction. |
| 650 #1 - SUBJECT ADDED ENTRY--TOPICAL TERM | |
| Topical term or geographic name as entry element | Adventure and adventurers |
| Form subdivision | Fiction. |
| 651 #0 - SUBJECT ADDED ENTRY--GEOGRAPHIC NAME | |
| Geographic name | France |
| General subdivision | History |
| Chronological subdivision | Louis XIV, 1643-1715 |
| Form subdivision | Juvenile fiction. |
| 651 #1 - SUBJECT ADDED ENTRY--GEOGRAPHIC NAME | |
| Geographic name | France |
| General subdivision | History |
| Chronological subdivision | Louis XIV, 1643-1715 |
| Form subdivision | Fiction. |
| 942 ## - ADDED ENTRY ELEMENTS (KOHA) | |
| Source of classification or shelving scheme | |
| Koha item type | Book |
| Withdrawn status | Lost status | Source of classification or shelving scheme | Damaged status | Not for loan | Home library | Current library | Date acquired | Total Checkouts | Full call number | Barcode | Date last seen | Date checked out | Price effective from | Koha item type |
|---|---|---|---|---|---|---|---|---|---|---|---|---|---|---|
| Logos International School | Logos International School | 02/11/2025 | 4 | J FIC DUM | 040378 | 03/12/2026 | 03/05/2026 | 02/11/2025 | Book |